| 000 -LEADER |
| fixed length control field |
01319cam a22003494a 4500 |
| 001 - CONTROL NUMBER |
| control field |
11770478 |
| 003 - CONTROL NUMBER IDENTIFIER |
| control field |
OSt |
| 005 - DATE AND TIME OF LATEST TRANSACTION |
| control field |
20210420053758.0 |
| 008 - FIXED-LENGTH DATA ELEMENTS--GENERAL INFORMATION |
| fixed length control field |
990802s2000 caua b 001 0 eng |
| 010 ## - LIBRARY OF CONGRESS CONTROL NUMBER |
| LC control number |
99066055 |
| 020 ## - INTERNATIONAL STANDARD BOOK NUMBER |
| International Standard Book Number |
0127033505 |
| 035 ## - SYSTEM CONTROL NUMBER |
| System control number |
(DLC) 99066055 |
| 040 ## - CATALOGING SOURCE |
| Original cataloging agency |
DLC |
| Transcribing agency |
DLC |
| Modifying agency |
DLC |
| 042 ## - AUTHENTICATION CODE |
| Authentication code |
pcc |
| 050 00 - LIBRARY OF CONGRESS CALL NUMBER |
| Classification number |
RA425 |
| Item number |
.T77 2000 |
| 080 ## - UNIVERSAL DECIMAL CLASSIFICATION NUMBER |
| Universal Decimal Classification number |
614 |
| Item number |
T-91 |
| 100 1# - MAIN ENTRY--PERSONAL NAME |
| Personal name |
Tulchinsky, Theodore H. |
| 245 14 - TITLE STATEMENT |
| Title |
The new public health : |
| Remainder of title |
an introduction for the 21st century / |
| Statement of responsibility, etc. |
Theodore H. Tulchinsky, Elena A. Varavikova. |
| 260 ## - PUBLICATION, DISTRIBUTION, ETC. |
| Place of publication, distribution, etc. |
San Diego : |
| Name of publisher, distributor, etc. |
Academic Press, |
| Date of publication, distribution, etc. |
c2000. |
| 300 ## - PHYSICAL DESCRIPTION |
| Extent |
xxi, 882 p. : |
| Other physical details |
ill. ; |
| Dimensions |
24 cm. |
| 504 ## - BIBLIOGRAPHY, ETC. NOTE |
| Bibliography, etc. note |
Includes bibliographical references and index. |
| 650 #0 - SUBJECT ADDED ENTRY--TOPICAL TERM |
| Topical term or geographic name entry element |
Public health. |
| 653 ## - INDEX TERM--UNCONTROLLED |
| Uncontrolled term |
მედიცინა |
| 653 ## - INDEX TERM--UNCONTROLLED |
| Uncontrolled term |
ჯანდაცვა |
| 700 1# - ADDED ENTRY--PERSONAL NAME |
| Personal name |
Varavikova, Elena. |
| 700 ## - ADDED ENTRY--PERSONAL NAME |
| Personal name |
Tulchinsky,H.Theoodore |
| 9 (RLIN) |
348 |
| 856 41 - ELECTRONIC LOCATION AND ACCESS |
| Materials specified |
Table of contents |
| Uniform Resource Identifier |
<a href="http://www.loc.gov/catdir/toc/els033/99066055.html">http://www.loc.gov/catdir/toc/els033/99066055.html</a> |
| 856 42 - ELECTRONIC LOCATION AND ACCESS |
| Materials specified |
Publisher description |
| Uniform Resource Identifier |
<a href="http://www.loc.gov/catdir/description/els033/99066055.html">http://www.loc.gov/catdir/description/els033/99066055.html</a> |
| 906 ## - LOCAL DATA ELEMENT F, LDF (RLIN) |
| a |
7 |
| b |
cbc |
| c |
orignew |
| d |
2 |
| e |
opcn |
| f |
19 |
| g |
y-gencatlg |
| 942 ## - ADDED ENTRY ELEMENTS (KOHA) |
| Source of classification or shelving scheme |
|
| Koha item type |
Books |